Automatización de procesos industriales
שמור ב:
| מחבר ראשי: | |
|---|---|
| פורמט: | ספר |
| שפה: | ספרדית |
| יצא לאור: |
Ciudad de México
Alfaomega
2001
|
| סדרה: | Alfaomega, 658
|
| נושאים: | |
| תגים: |
הוספת תג
אין תגיות, היה/י הראשונ/ה לתייג את הרשומה!
|
MARC
| LEADER | 00000nam a2200000 a 4500 | ||
|---|---|---|---|
| 001 | UCN1762 | ||
| 003 | CL-VaPUC | ||
| 008 | 010504e20010000MX |||||||||||||||||spa|d | ||
| 082 | 0 | 4 | |a 629.8 |b GAR |2 21 |
| 100 | 0 | |a García Moreno, Emilio |e author |9 457085 | |
| 245 | 1 | 0 | |a Automatización de procesos industriales |
| 300 | |a 377 p | ||
| 942 | |c BK | ||
| 945 | |d 20010504 00:00:00 |a vberengu | ||
| 260 | |a Ciudad de México |b Alfaomega |c 2001 | ||
| 650 | 0 | |a Procesos industriales |9 334036 | |
| 650 | 0 | |a Transductores |9 263437 | |
| 650 | 0 | |a Autómatas programables industriales |9 457086 | |
| 650 | 0 | |a Automatización |9 299909 | |
| 583 | |a last modification |c 20010504 00:00:00 |k Rodrigo Vera | ||
| 490 | 0 | |a Alfaomega, 658 | |
| 999 | |c 294992 |d 294990 | ||
| 952 | |0 0 |1 0 |4 0 |6 629_800000000000000_GAR_2001 |7 0 |8 A |9 347798 |a BIBMEC |b BIBMEC |d 2019-11-20 |i 3716678 |l 2 |o 629.8 GAR 2001 |p 3716678 |r 2024-01-19 |s 2022-09-26 |w 2019-11-20 |y BK |k MEC | ||
| 952 | |0 0 |1 0 |4 0 |6 629_800000000000000_GAR_2001 |7 0 |8 A |9 347799 |a BIBMEC |b BIBMEC |d 2019-11-20 |i 373675K |o 629.8 GAR 2001 |p 373675K |r 2024-01-19 |w 2019-11-20 |y BK |k MEC | ||
| 952 | |0 0 |1 0 |4 0 |6 629_800000000000000_GAR_2001 |7 0 |8 A |9 347800 |a BIBMEC |b BIBMEC |d 2019-11-20 |i 3832570 |o 629.8 GAR 2001 |p 3832570 |r 2024-01-19 |w 2019-11-20 |y BK |k MEC | ||